000
00276nam a2200097Ia 4500
001
1228972
005
20250827093052.0
008
250824s9999 xx 000 0 und d
245
0
_a
MİNİK FİDE ÇİÇEK AÇTI
_c
GÜLTEN DAYIOĞLU
260
_b
ALTIN KİTAPLAR
999
_c
1228972
_d
1228972